The great egg flap : (Record no. 8674)

MARC details
000 -LEADER
fixed length control field 01059nam a22002777a 4500
001 - CONTROL NUMBER
control field 8674
003 - CONTROL NUMBER IDENTIFIER
control field FISKH
005 - DATE AND TIME OF LATEST TRANSACTION
control field 20251017120337.0
008 - FIXED-LENGTH DATA ELEMENTS--GENERAL INFORMATION
fixed length control field 251009b cb ||||| |||| 00| 0 eng d
020 ## - INTERNATIONAL STANDARD BOOK NUMBER
International Standard Book Number 9780868963686
040 ## - CATALOGING SOURCE
Original cataloging agency FISKH
Language of cataloging eng
Transcribing agency FISKH
Modifying agency FISKH
050 ## - LIBRARY OF CONGRESS CALL NUMBER
Classification number PZ7
082 ## - DEWEY DECIMAL CLASSIFICATION NUMBER
Classification number 823.914
100 ## - MAIN ENTRY--PERSONAL NAME
Personal name Palfrey, Heather Mary
Relator term Author
245 ## - TITLE STATEMENT
Title The great egg flap :
Remainder of title A Ricky Wilson mystery
Statement of responsibility, etc. By Heather Mary Palfrey
260 ## - PUBLICATION, DISTRIBUTION, ETC.
Place of publication, distribution, etc. Sydney :
Name of publisher, distributor, etc. Ashton Scholastic ,
Date of publication, distribution, etc. 1987
300 ## - PHYSICAL DESCRIPTION
Extent 106 pages :
Other physical details illustrations ;
Dimensions 20 cm
505 ## - FORMATTED CONTENTS NOTE
Formatted contents note O<br/>
520 ## - SUMMARY, ETC.
Summary, etc. Ricky's beautiful dog, Rusty, is being held at the pond under suspicion of stealing. Everyone knows that Rusty is crazy about ping-pong balls-and ping-pong balls look just like eggs. Ricky has only one day left to prove that Rusty didn't steal the eggs and cause the great egg flap.
521 8# - TARGET AUDIENCE NOTE
Target audience note 650<br/>
Source Lexile estimate <br/>
521 8# - TARGET AUDIENCE NOTE
Target audience note O<br/>
Source Raz-Plus<br/>
650 ## - SUBJECT ADDED ENTRY--TOPICAL TERM
Topical term or geographic name entry element Senior Fiction
Form subdivision Literature
700 ## - ADDED ENTRY--PERSONAL NAME
Personal name Crooks, Deborah
Relator term Illustrator
942 ## - ADDED ENTRY ELEMENTS (KOHA)
Source of classification or shelving scheme Dewey Decimal Classification
Koha item type Books
Suppress in OPAC No
Holdings
Withdrawn status Lost status Source of classification or shelving scheme Damaged status Not for loan Home library Current library Shelving location Date acquired Total Checkouts Full call number Barcode Date last seen Copy number Price effective from Koha item type
    Dewey Decimal Classification     Footprints International School Library Network Toul Tom Poung Campus Footprints International School Library Network Toul Tom Poung Campus TTP Primary Orange Bookshelves 10/09/2025   PAL 823.914 PZ7 FIS00620 10/09/2025 1 10/09/2025 Books